000 00982nam a22003377a 4500
001 BR0700325
003 BR-BrBNA
005 20230928102325.0
007 ta
008 230509b bl.||||| |||| 00| 0 por d
040 _aBR-BrBNA
_bpor
_cBiblioteca Nacional de Agricultura
041 _a(Por)
072 _aF30
_b1410
090 _ 1410 BR0700325
100 1 _aMariguele, K.H.
110 1 _aUniversidade Federal de Lavras, MG (Brasil)
_0Tese (Mestrado)
245 1 _aControle genético da qualidade da vagem em cruzamento de feijão-vagem x feijão-comum
260 3 _aLavras, MG (Brasil):
_c2006.
300 _a20 p.
500 _aSummaries (Eng, Por); 24 ref.; 5 tables
650 _aVAGEM
650 _aFEIJÃO TREPADOR
650 _aFEIJÃO
650 _aCRUZAMENTO VEGETAL
650 _aCONTROLE GENÉTICO
650 _aQUALIDADE
650 _aPOPULAÇÃO DE PLANTA
650 _aHEREDITARIEDADE
909 _a202309
_bLucia
_c55
_dLucia Elande
942 _cBK
999 _c70184
_d70184